00441nam a2200169Ia 450000500170000000800410001702000230005804000190008104100120010008200130011210000180012524500500014326000390019330000110023265000180024385000100026120230713114310.0131103s9999 xx 000 0 und d a679643257cRs 1155 aLoreto College aEnglish a920bANG aAngelou, Maya 4aThe Collected Autobiographies of Maya Angelou aNew YorkbThe Modern Libraryc2004 a1167p  aAngelou, Maya aLCLIB